Išiel som touto cestou- Dimitrij Andrusov - životopisná črta

Bibliographic Details
Main Author: Andrusovová-Vlčeková, Galina, 1928- (Author)
Format: Book
Language:Slovak
PhysicalDescription:151 s. fotogr. 24 cm
Published: Bratislava Geocomplex 1997
ISBN:809670186X
Series:Mineralia Slovaca. Monografia
Subjects:

MARC

LEADER 00000nam a2200000 a 4500
001 vtls001307244
003 SK-MaSNL
005 20260301005019.0
008 240226s1997 xo aag ra ad slo
015 |a SNBA1998/04-01205 
020 |a 809670186X 
035 |a SNK000259519 
035 |a urn:nbn:sk:snk-amkgvf 
035 |a urn:nbn:sk:snk-am003sfr 
035 |a 5062E16A-988E-4AD4-B9C0-7964E8B00C43 
040 |a SNK  |b slo  |c SNK  |e AACR2 
041 0 |a slo 
044 |a xo  |c SK 
080 |a 885.4-94  |2 1981 
080 |a 929 Andrusov, Dimitrij  |2 1981 
080 |a 55-051:929  |2 1981 
100 1 |a Andrusovová-Vlčeková, Galina,  |d 1928-  |4 aut  |9 246021 
245 1 0 |a Išiel som touto cestou-  |b Dimitrij Andrusov - životopisná črta  |c Galina Adrusovová-Vlčeková 
260 |a Bratislava  |b Geocomplex  |c 1997 
300 |a 151 s.  |b fotogr.  |c 24 cm 
490 1 |a Mineralia Slovaca. Monografia 
500 |a Vyd. Združenie Mineralia Slovaca 
504 |a Bibliogr. odkazy. Zoz. publ. prác akademika Andrusova. Opr. 
600 1 |a Andrusov, Dimitrij,  |d 1897-1976  |2 SNKMA  |9 37244 
655 7 |a biografie  |2 SNKPH  |9 27965 
710 0 |a Združenie Mineralia Slovaca  |4 pbl  |9 35769 
830 0 |a Mineralia Slovaca. Monografia  |9 288691 
919 |a 80-967018-6-X 
958 |a OND 
958 |a TL 
958 |a NB 
958 |a LX 
999 |c 543946  |d 545876 
952 |t P60, <03>, [BOOK], {603}  |a SNK  |b SNK  |y PREZ  |7 0  |p 17A0103839  |o snkSC 94308  |i snkKSP 10956/97  |0 0  |1 0  |4 0  |d 1997-10-24  |f 1  |l 0  |r 2025-09-12 00:00:00  |w 2026-02-23 
952 |t P60, <04>, [BOOK], {604}  |a SNK  |b SNK  |y VYP  |7 0  |p 17A0103838  |o snkSC 94308 D1  |i snkKSP 10957/97  |0 0  |1 0  |4 0  |d 1997-10-24  |l 0  |r 2005-01-02 00:00:00  |w 2026-02-23